000
00286nam a2200109Ia 4500
008
201231s9999 xx 000 0 und d
100
_a
Henderson, David R.
245
0
_a
(The) Fortune Encyclopaedia of Economics
260
_a
New York
_b
A Time Warner Company
300
_a
876
942
_c
BK
999
_c
9635
_d
9635